| 000 | 00484nam a22001817a 4500 | ||
|---|---|---|---|
| 003 | DO-SdBNP | ||
| 005 | 20171205093229.0 | ||
| 008 | 171121b sp||||| |||| 00| 0 spa d | ||
| 020 | _a8425305101 | ||
| 040 |
_aBPMSU _bspa _cBPMSU |
||
| 100 | _aZanini , Guiseppe | ||
| 245 |
_aEl libro del como _cGuiseppe Zanini |
||
| 260 |
_aBarcelona _bEdiciones Danae _c1973 |
||
| 300 |
_a177 p. _bil. : _c28 cm |
||
| 942 |
_2ddc _cBK |
||
| 945 | _ainventariado extranjero / DG | ||
| 956 | _adgarcia | ||
| 999 |
_c12967 _d12967 |
||